000 00522nam a22001577a 4500
003 OSt
008 180904b ||||| |||| 00| 0 eng d
082 _a631.45
_bCHE/IN
100 _aChethan, B.J
_93298
245 _aInfluence of geomorphology on runoff characteristics of a catchment
260 _aThavanur
_bDepartment of irrigation and drainage engineering
_c2018
300 _a121
_eCD
700 _aVishnu, B (Guide)
_93219
856 _uhttps://drive.google.com/open?id=1aEMIbrHBbyN7tkprGV0W1BXZx04yYCas
942 _cTH
999 _c15520
_d15520